Stochastické lokačné modely dizertačná práca

Salvato in:
Dettagli Bibliografici
Autore principale: Hollá, Anna
Ente Autore: Fakulta hospodárskej informatiky EU. Katedra operačného výskumu a ekonometrie
Altri autori: Brezina, Ivan, 1963-
Natura: Libro
Lingua:slovacco
Pubblicazione: Bratislava 2013
Soggetti:
Tags: Aggiungi Tag
Nessun Tag, puoi essere il primo ad aggiungerne!!

MARC

LEADER 00000nbm a2200000 4500
001 0176293
005 20240502073015.2
041 0 |a slo 
044 |a SK 
245 1 0 |a Stochastické lokačné modely  |b dizertačná práca  |c Anna Hollá ; školiteľ: Ivan Brezina 
264 1 |a Bratislava  |c 2013 
300 |a 90 s. 
610 2 0 |a modely stochastické 
610 2 0 |a modely ekonometrické 
100 1 |a Hollá, Anna 
700 1 |a Brezina, Ivan, 1963- 
710 2 |a Fakulta hospodárskej informatiky EU. Katedra operačného výskumu a ekonometrie